Cargando...

Universal Meat Hygiene in Public Health Care

Detalles Bibliográficos
Autor principal: Vijender Singh
Lenguaje:Undetermined
Publicado: International book distributing co. 2007
Lucknow
Edición:1st
LEADER 00674nam a2200241Ia 4500
008 141122s9999 xx 000 0 und d
020 |a 8181891929 
040 |c . 
041 |a English 
082 |a BB 
082 |b 666 
100 |a Vijender Singh 
245 |a Universal Meat Hygiene in Public Health Care 
245 |c Vijender Singh 
250 |a  1st  
260 |b International book distributing co. 
260 |b Lucknow 
260 |c 2007 
300 |a 320 Pages 
500 |a SC/ST BB 
942 |c BB 
999 |c 7616  |d 7616 
952 |0 0  |1 0  |4 0  |6 BB_000000000000000_666  |7 0  |9 7574  |a COVAS  |b COVAS  |d 0000-00-00  |o BB 666  |p BB666   |r 2014-11-26  |w 2014-11-26  |y BB